A modern course in transport phenomena / (Record no. 598696)

000 -LEADER
fixed length control field 00324nam a2200121Ia 4500
008 - FIXED-LENGTH DATA ELEMENTS--GENERAL INFORMATION
fixed length control field 230907s9999||||xx |||||||||||||| ||und||
082 ## - DEWEY DECIMAL CLASSIFICATION NUMBER
Classification number 530.475
Author Mark VEN
100 ## - MAIN ENTRY--PERSONAL NAME
Personal name Venerus, David,
9 (RLIN) 115530
245 #2 - TITLE STATEMENT
Title A modern course in transport phenomena /
300 ## - PHYSICAL DESCRIPTION
Extent xxviii, 508 pages ;
650 ## - SUBJECT ADDED ENTRY--TOPICAL TERM
Topical term or geographic name entry element Textbooks.
9 (RLIN) 8511
942 ## - ADDED ENTRY ELEMENTS (KOHA)
Koha item type Book
Holdings
Withdrawn status Lost status Damaged status Not for loan Permanent Location Current Location Date acquired Total Checkouts Full call number Barcode Date last seen Price effective from Koha item type
        US-Pakistan Center for Advanced Studies in Energy (USPCAS-E) US-Pakistan Center for Advanced Studies in Energy (USPCAS-E) 08/01/2019   530.475 VEN CAS-E0002795 09/12/2023 09/12/2023 Book
© 2023 Central Library, National University of Sciences and Technology. All Rights Reserved.